Statistics for General Knowledge Quiz #30

Click here to take the quiz!

General Stats

  • This quiz has been taken 98,752 times
    (39,415 since last reset)
  • The average score is 11 of 20

Answer Stats

Question Answer % Correct
What animal are elephants supposedly afraid of?Mice
90%
What was Medusa's hair made of?Snakes
88%
What started on September 1, 1939?World War II
87%
Who called a ring "my precious"?Gollum
81%
In what country would you find the town of Marathon?Greece
74%
What country is the region Lombardy a part of?Italy
69%
In you are dining "al fresco", where are you?Outside
61%
What modern-day country contains most of the ancient region of Mesopotamia?Iraq
57%
What is the term for a word or phrase is spelled the same forwards or backwards?a Palindrome
56%
Who was the demon barber of Fleet Street?Sweeney Todd
53%
What was Rambo's first name?John
50%
What town did Superman grow up in?Smallville
47%
Who led England as Lord Protector from 1653 to 1658?Oliver Cromwell
41%
What can neither George Washington nor Sir Mix-a-Lot do?Lie
39%
What is the world's largest company by number of employees?Wal-Mart
35%
What is the name of a receptacle designed to be spat into by tobacco chewers?Spittoon
35%
What type of school offers a class called "torts"?Law School
33%
What word in the English language sounds like "segway"?Segue
28%
Name a country that is located in the Maghreb.Algeria, Libya, Mauritania,
Morocco, or Tunisia
28%
If I sail on the Neva river past the Hermitage Museum, what city am I in?St. Petersburg
25%

Score Distribution

Percentile by Number Answered

Percent of People with Each Score

Your Score History

You have not taken this quiz since the last reset